Entrada Personal Name
Número de registros utilizados en: 1
001 - CONTROL NUMBER
- control field: 17849
003 - CONTROL NUMBER IDENTIFIER
- control field: DLC
005 - DATE AND TIME OF LATEST TRANSACTION
- control field: 20260216123158.0
008 - FIXED-LENGTH DATA ELEMENTS
- fixed length control field: 961002n| azannaabn |a aaa c
010 ## - LIBRARY OF CONGRESS CONTROL NUMBER
- LC control number: no 96050646
- Canceled/invalid LC control number: n 2022027293
024 7# - OTHER STANDARD IDENTIFIER
- Standard number or code: 0000-0002-2523-3914
- Source of number or code: orcid
024 7# - OTHER STANDARD IDENTIFIER
- Standard number or code: 0000000117001315
- Source of number or code: isni
035 ## - SYSTEM CONTROL NUMBER
- System control number: (OCoLC)oca04173962
040 ## - CATALOGING SOURCE
- Original cataloging agency: TNJ
- Language of cataloging: spa
- Description conventions: rda
- Transcribing agency: Mx-PuUPA
- Modifying agency: DLC
- Modifying agency: CSt
- Modifying agency: NcD
- Modifying agency: DNLM
- Modifying agency: DLC
- Modifying agency: NL-TiUL
- Modifying agency: Mx-PuUPA
046 ## - SPECIAL CODED DATES
- Birth date: 1971
- Source of date scheme: edtf
100 1# - HEADING--PERSONAL NAME
- Personal name: Sedmak, Clemens,
- Dates associated with a name: 1971-
372 ## - FIELD OF ACTIVITY
- Field of activity: Ética
- Source of term: mesh
372 ## - FIELD OF ACTIVITY
- Field of activity: Ética social
- Source of term: lcsh
373 ## - ASSOCIATED GROUP
- Associated group: Escuela Keough de Asuntos Globales
- Source of term: naf
374 ## - OCCUPATION
- Occupation: Teólogo
- Occupation: Filósofo
- Occupation: Autor
- Occupation: Profesor de Ética Social
- Source of term: lcsh
375 ## - GENDER
- Gender: hombre
377 ## - ASSOCIATED LANGUAGE
- Language code: eng
400 1# - SEE FROM TRACING--PERSONAL NAME
- Personal name: Sedmark, C.
- Fuller form of name: (Clemens),
- Dates associated with a name: 1971-
400 1# - SEE FROM TRACING--PERSONAL NAME
- Control subfield: nne
- Personal name: Sedmak, Clemens
670 ## - SOURCE DATA FOUND
- Source citation: "Ich kenne mich nicht aus", 1995:
- Information found: t.p. (Clemens Sedmak) p. 4 of cover (b. 1971; Degrees in philosophy and theology)
670 ## - SOURCE DATA FOUND
- Source citation: Lokale Theologien und globale Kirche, c2000:
- Information found: t.p. (Clemens Sedmak) spine (C. Sedmak)
670 ## - SOURCE DATA FOUND
- Source citation: Doing local theology, c2002:
- Information found: t.p. (Clemens Sedmak)
670 ## - SOURCE DATA FOUND
- Source citation: "Die Würde des Menschen ist unantastbar", 2017.
- Information found: title page (Clemens Sedmak) back cover (Dr.theol.,Dr.phil., prof. of social ethics, King's College London)
670 ## - SOURCE DATA FOUND
- Source citation: A Common Good Approach to Development, 2022:
- Information found: title page (Clemens Sedmak)
670 ## - SOURCE DATA FOUND
- Source citation: Stress and poverty, 2021:
- Information found: title page (Clemens Sedmak) title page verso (Keough School of Global Affairs, University of Notre Dame, Notre Dame, IN, USA)
670 ## - SOURCE DATA FOUND
- Source citation: Email from editor, Feb. 16, 2023
- Information found: (confirming that he is editor of title: "A Common Good Approach to Development", 2022 and editor of title: "Stress and poverty", 2021)
670 ## - SOURCE DATA FOUND
- Source citation: University of Notre Dame, Keough School of Global Affairs website, viewed October 31, 2024
- Information found: (Clemens Sedmak; professor of social ethics and director of the Nanovic Institute for European Studies at the Keough School of Global Affairs)
- Uniform Resource Identifier: https://keough.nd.edu/about/faculty-staff-directory/clemens-sedmak/